Welcome to CU Library Online Public Access Catalogue (OPAC)

UNIVERSITY PHYSICS (Record no. 1113)

MARC details
000 -LEADER
fixed length control field 00470nam a22001817a 4500
005 - DATE AND TIME OF LATEST TRANSACTION
control field 20241113125242.0
008 - FIXED-LENGTH DATA ELEMENTS--GENERAL INFORMATION
fixed length control field 241113b |||||||| |||| 00| 0 eng d
020 ## - INTERNATIONAL STANDARD BOOK NUMBER
International Standard Book Number 9780201571585
050 ## - LIBRARY OF CONGRESS CALL NUMBER
Classification number QA21
Item number .2 YOU
100 ## - MAIN ENTRY--PERSONAL NAME
Personal name YOUNG, HUGH D.
245 ## - TITLE STATEMENT
Title UNIVERSITY PHYSICS
250 ## - EDITION STATEMENT
Edition statement 9TH
260 ## - PUBLICATION, DISTRIBUTION, ETC.
Place of publication, distribution, etc. READING
Name of publisher, distributor, etc. ADDISON-WESLEY PUBLISHING COMP.
Date of publication, distribution, etc. c1996
300 ## - PHYSICAL DESCRIPTION
Extent xix,1484p
Other physical details ill.;
500 ## - GENERAL NOTE
General note includes index
700 ## - ADDED ENTRY--PERSONAL NAME
Personal name FREEDMAN, ROGER A.
942 ## - ADDED ENTRY ELEMENTS (KOHA)
Source of classification or shelving scheme Library of Congress Classification
Koha item type Books
Suppress in OPAC No
999 ## -
-- 1113
-- 1113
Holdings
Withdrawn status Lost status Source of classification or shelving scheme Damaged status Not for loan Collection Home library Current library Date acquired Total checkouts Full call number Barcode Date last seen Copy number Price effective from Koha item type
    Library of Congress Classification     Non-fiction Undergraduate Library (Christ Temple) Undergraduate Library (Christ Temple) 11/13/2024   QC21.2 YOU ulct00000294 11/13/2024 1 11/13/2024 Books
© 2023-2024 Copyright: Central University Libraries. All Rights Reserved | Created by: Mahone Tech Office